| 000 | 00419nam a22001457a 4500 | ||
|---|---|---|---|
| 005 | 20241218101234.0 | ||
| 008 | 241218b |||||||| |||| 00| 0 eng d | ||
| 020 | _a9789781754028 | ||
| 050 |
_aPE69 _b.OL9 USE |
||
| 245 |
_aTHE USE OF ENGLISH FOR HIGHER EDUCATION _cEDITED BY B. O. A. OLUIKPE |
||
| 260 |
_aABUJA _bAFRICANA FIRST PUBLISHERS _cc1981 |
||
| 300 | _aix,422p | ||
| 700 | _aOLUIKPE, B.O.A. | ||
| 942 |
_2lcc _cBK _n0 |
||
| 999 |
_c2433 _d2433 |
||